000 01356pam a2200313 a 4500
005 20260205152250.0
008 940628s1995 ilu b 001 0 eng
020 _a0226436217
020 _a0226436225
020 _a9780226436227
040 _aKABLIB
_cKABLIB
_erda
082 0 0 _a333.13
_223
_bKIN
100 1 _aKing, Desmond S.
_915449
245 1 0 _aActively seeking work? :
_bthe politics of unemployment and welfare policy in the United States and Great Britain /
_cDesmond King.
260 _aChicago :
_bUniversity of Chicago Press,
_cc1995.
300 _axvi, 331 p. ;
_c23 cm.
504 _aIncludes bibliographical references (p. 297-316), index.
650 0 _aFull employment policies
_zGreat Britain.
_915450
650 0 _aFull employment policies
_zUnited States.
_915406
650 0 _aWelfare recipients
_xEmployment
_zGreat Britain.
_915451
650 0 _aWelfare recipients
_xEmployment
_zUnited States.
_915452
650 0 _aHard-core unemployed
_zGreat Britain.
_915453
650 0 _aHard-core unemployed
_zUnited States.
_915454
650 0 _aPublic welfare
_zGreat Britain.
_915455
650 0 _aPublic welfare
_zUnited States.
_915456
856 4 2 _3Publisher description
_uhttp://www.loc.gov/catdir/description/uchi051/94027883.html
856 4 1 _3Table of contents
_uhttp://www.loc.gov/catdir/toc/uchi051/94027883.html
942 _2ddc
_cBOOK
999 _c6084
_d6084